Estadísticas para Frontera más larga de todos los países

Haz click aquí para intentar la prueba.

Estadísticas generales

  • Esta prueba ha sido intentada 35 veces
  • La puntuación promedio es 95 de 157

Estadísticas de respuestas

PaisBorde más largo% Correcto
ArgentinaChile
96%
AndorraEspaña
93%
AlbaniaGrecia
93%
AfganistánPakistán
93%
BielorrusiaRusia
93%
ChileArgentina
89%
AzerbaiyánArmenia
89%
ArmeniaAzerbaiyán
89%
BrasilBolivia
89%
BoliviaBrasil
89%
BélgicaFrancia
89%
AustriaAlemania
86%
Bosnia y HerzegovinaCroacia
86%
CanadáEstados Unidos
86%
BeliceGuatemala
86%
BangladésIndia
86%
ArgeliaMarruecos
86%
ChinaMongolia
86%
EcuadorPerú
86%
AngolaRepública Democrática del Congo
86%
DinamarcaAlemania
82%
República ChecaAlemania
82%
ColombiaBrasil
82%
YibutiEtiopía
82%
EritreaEtiopía
82%
República DominicanaHaití
82%
El SalvadorHonduras
82%
Timor OrientalIndonesia
82%
EstoniaLetonia
82%
BotsuanaNamibia
82%
Costa RicaPanamá
82%
República del CongoRepública Democrática del Congo
82%
HaitíRepública Dominicana
82%
BulgariaRumania
82%
FinlandiaRusia
82%
EgiptoSudán
82%
CroaciaBosnia y Herzegovina
79%
MyanmarChina
79%
ButánIndia
79%
Burkina FasoMalí
79%
HondurasNicaragua
79%
CamerúnNigeria
79%
República CentroafricanaRepública Democrática del Congo
79%
GeorgiaRusia
79%
GambiaSenegal
79%
EtiopíaSomalia
79%
CamboyaVietnam
79%
República Democrática del CongoAngola
75%
GuyanaBrasil
75%
Guinea EcuatorialGabón
75%
IrakIrán
75%
BrunéiMalasia
75%
IrlandaReino Unido
75%
ChadSudán
75%
ItaliaSuiza
75%
GreciaBulgaria
71%
LibiaEgipto
71%
IránIrak
71%
KuwaitIrak
71%
LetoniaLituania
71%
IndonesiaMalasia
71%
GuatemalaMéxico
71%
AlemaniaRepública Checa
71%
GabónRepública del Congo
71%
KazajistánRusia
71%
LesotoSudáfrica
71%
LaosVietnam
71%
Países BajosAlemania
68%
JordaniaArabia Saudita
68%
IndiaBangladés
68%
LituaniaBielorrusia
68%
Macedonia del NorteGrecia
68%
BenínNigeria
68%
KosovoSerbia
68%
LíbanoSiria
68%
BurundiTanzania
68%
MarruecosArgelia
64%
LuxemburgoBélgica
64%
MontenegroBosnia y Herzegovina
64%
MongoliaChina
64%
MéxicoEstados Unidos
64%
MónacoFrancia
64%
NepalIndia
64%
Costa de MarfilLiberia
64%
LiechtensteinSuiza
64%
MoldaviaUcrania
64%
KirguistánUzbekistán
64%
NamibiaAngola
61%
OmánArabia Saudita
61%
ParaguayArgentina
61%
Corea del NorteChina
61%
IsraelEgipto
61%
HungríaEslovaquia
61%
Guinea-BissauGuinea
61%
MalasiaIndonesia
61%
NoruegaSuecia
61%
GhanaTogo
61%
FranciaBrasil
57%
NigeriaCamerún
57%
LiberiaCosta de Marfil
57%
PanamáCosta Rica
57%
NicaraguaHonduras
57%
PakistánIndia
57%
Papua Nueva GuineaIndonesia
57%
MauritaniaMalí
57%
KeniaUganda
57%
CatarArabia Saudita
54%
PortugalEspaña
54%
MalíMauritania
54%
MalauiMozambique
54%
NígerNigeria
54%
PerúBrasil
50%
San MarinoItalia
50%
RusiaKazajistán
50%
Arabia SauditaYemen
50%
GuineaMalí
46%
RumaniaBulgaria
43%
MozambiqueMalaui
43%
SenegalMauritania
43%
EspañaPortugal
43%
RuandaBurundi
39%
Corea del SurCorea del Norte
39%
EslovaquiaHungría
36%
PoloniaRepública Checa
36%
Sudán del SurSudán
36%
SudáfricaBotsuana
32%
EsloveniaCroacia
32%
SomaliaEtiopía
32%
SerbiaKosovo
32%
Estados UnidosCanadá
29%
Sierra LeonaGuinea
29%
Reino UnidoIrlanda
29%
ChipreReino Unido
29%
UcraniaRusia
29%
SudánSudán del Sur
29%
TúnezArgelia
25%
UruguayBrasil
25%
TogoGhana
25%
SurinamGuyana
25%
Ciudad del VaticanoItalia
25%
SuizaItalia
25%
TanzaniaKenia
25%
TailandiaMyanmar
25%
SueciaNoruega
25%
SuazilandiaSudáfrica
25%
Emiratos Árabes UnidosArabia Saudita
21%
VenezuelaBrasil
21%
SiriaTurquía
21%
UzbekistánKazajistán
18%
UgandaKenia
18%
VietnamLaos
18%
TurkmenistánUzbekistán
18%
TayikistánAfganistán
14%
YemenArabia Saudita
14%
TurquíaIrán
14%
ZambiaRepública Democrática del Congo
11%
ZimbabueMozambique
7%

Distribución de puntuación

Porcentaje por número respondido

Porcentaje de gente con cada puntuación

Historial de tus puntuaciones

No has intentado esta prueba.